Galeria de gallegos ilustres (Record no. 66294)

MARC details
000 -LEADER
campo de control de longitud fija 00372nam a2200133 i 4500
001 - NÚMERO DE CONTROL
campo de control 66294
003 - IDENTIFICADOR DE NÚMERO DE CONTROL
campo de control ES-MaACL
007 - CAMPO FIJO DE DESCRIPCIÓN FÍSICA--INFORMACIÓN GENERAL
campo de control de longitud fija t|
008 - DATOS DE LONGITUD FIJA--INFORMACIÓN GENERAL
campo de control de longitud fija 040203s1957 sp ||||1| spa d
245 00 - MENCIÓN DEL TÍTULO
Título Galeria de gallegos ilustres
Resto del título : primera serie.
260 ## - PUBLICACIÓN, DISTRIBUCIÓN, ETC.
Lugar de publicación, distribución, etc. Vigo :
Nombre del editor, distribuidor, etc. Monterrey,
Fecha de publicación, distribución, etc. [1957] (
Fabricante Faro de Vigo)
300 ## - DESCRIPCIÓN FÍSICA
Extensión 58 p. :
Otras características físicas il. ;
Dimensiones 25 cm.
852 ## - LOCALIZACIÓN
Ubicación ES-MaACL
Número de control de estantería E-3971
Sublocalización o colección R.40127
Holdings
Estatus retirado Estado de pérdida Estado de daño No para préstamo Biblioteca de origen Biblioteca actual Ubicación en estantería Fecha de adquisición Fuente de adquisición Total de préstamos Signatura topográfica completa Código de barras Visto por última vez Precio de reemplazo Tipo de ítem Koha
        Biblioteca del Ateneo de Madrid Biblioteca del Ateneo de Madrid Depósito 2 17/01/2008     E-3971 1069454 23/02/2023 23/02/2023 Libro impreso